[Event "Portugal Open Semirrapidas"]
[Site "Lisboa POR"]
[Date "2020.02.02"]
[Round "5.8"]
[White "LOFFNER, Stefan"]
[Black "SAVANOVIC, Aleksandar"]
[Result "0-1"]
[BlackElo "2346"]
[WhiteElo "2411"]
[LiveChessVersion "1.4.8"]

1. e4 {[%clk 0:15:09]} e5 {[%clk 0:15:08]} 2. Nf3 {[%clk 0:15:11]} Nc6
{[%clk 0:15:11]} 3. Nc3 {[%clk 0:15:15]} Nf6 {[%clk 0:15:14]} 4. a3
{[%clk 0:15:18]} d6 {[%clk 0:13:49]} 5. d4 {[%clk 0:15:20]} Bg4 {[%clk 0:13:53]}
6. Bb5 {[%clk 0:14:43]} Bxf3 {[%clk 0:13:46]} 7. gxf3 {[%clk 0:14:38]} exd4
{[%clk 0:13:49]} 8. Qxd4 {[%clk 0:14:38]} a6 {[%clk 0:13:33]} 9. Bxc6+
{[%clk 0:14:37]} bxc6 {[%clk 0:13:36]} 10. Bg5 {[%clk 0:13:46]} Be7
{[%clk 0:13:40]} 11. Rg1 {[%clk 0:12:57]} Nh5 {[%clk 0:12:22]} 12. Qa4
{[%clk 0:12:28]} O-O {[%clk 0:10:43]} 13. Bxe7 {[%clk 0:12:23]} Qxe7
{[%clk 0:10:46]} 14. Qxc6 {[%clk 0:12:23]} Qf6 {[%clk 0:10:28]} 15. O-O-O
{[%clk 0:10:55]} Rab8 {[%clk 0:10:14]} 16. Qd5 {[%clk 0:07:02]} Qxf3
{[%clk 0:10:12]} 17. Rd3 {[%clk 0:05:33]} Qxf2 {[%clk 0:09:40]} 18. Qg5
{[%clk 0:03:26]} Qf4+ {[%clk 0:09:42]} 19. Rd2 {[%clk 0:03:25]} Qxg5
{[%clk 0:09:42]} 20. Rxg5 {[%clk 0:03:29]} Nf4 {[%clk 0:09:45]} 21. Nd5
{[%clk 0:03:10]} Nxd5 {[%clk 0:09:33]} 22. exd5 {[%clk 0:03:09]} Rfe8
{[%clk 0:09:32]} 23. b3 {[%clk 0:03:09]} h6 {[%clk 0:09:13]} 24. Rg4
{[%clk 0:03:13]} Re5 {[%clk 0:09:10]} 25. Rc4 {[%clk 0:03:10]} Re7
{[%clk 0:09:14]} 26. Rd3 {[%clk 0:02:50]} g5 {[%clk 0:09:12]} 27. Rdc3
{[%clk 0:02:45]} Rb7 {[%clk 0:09:03]} 28. Rc6 {[%clk 0:02:47]} Ra7
{[%clk 0:09:07]} 29. Rf3 {[%clk 0:02:26]} Kg7 {[%clk 0:09:09]} 30. c4
{[%clk 0:02:28]} a5 {[%clk 0:08:49]} 31. Kd2 {[%clk 0:02:27]} Ra8
{[%clk 0:08:47]} 32. c5 {[%clk 0:02:02]} Rd7 {[%clk 0:07:18]} 33. Kc3
{[%clk 0:02:01]} g4 {[%clk 0:06:46]} 34. Rf4 {[%clk 0:01:49]} h5 {[%clk 0:06:50]}
35. cxd6 {[%clk 0:01:50]} cxd6 {[%clk 0:06:52]} 36. Kd2 {[%clk 0:00:48]} Kg6
{[%clk 0:06:53]} 37. Ra4 {[%clk 0:00:46]} Rb8 {[%clk 0:06:52]} 38. Rc3
{[%clk 0:00:47]} Rb5 {[%clk 0:06:55]} 39. Rd3 {[%clk 0:00:47]} Kg5
{[%clk 0:06:52]} 40. Rc4 {[%clk 0:00:44]} f5 {[%clk 0:06:36]} 41. Rc8
{[%clk 0:00:39]} f4 {[%clk 0:06:20]} 42. Rg8+ {[%clk 0:00:30]} Kh4
{[%clk 0:06:13]} 43. Rf8 {[%clk 0:00:06]} f3 {[%clk 0:06:13]} 44. Ke1
{[%clk 0:00:06]} Re7+ {[%clk 0:06:07]} 45. Kf1 {[%clk 0:00:10]} Rc5
{[%clk 0:06:10]} 0-1

[Event "Portugal Open Semirrapidas"]
[Site "Lisboa POR"]
[Date "2020.02.02"]
[Round "5.9"]
[White "BAYRAMOV, Zaur"]
[Black "MARTIN DUQUE, Jesus"]
[Result "1/2-1/2"]
[BlackElo "2384"]
[WhiteElo "2146"]
[LiveChessVersion "1.4.8"]

1. g3 {[%clk 0:15:01]} e5 {[%clk 0:15:05]} 2. Bg2 {[%clk 0:15:04]} Nf6
{[%clk 0:14:47]} 3. c4 {[%clk 0:15:05]} Bc5 {[%clk 0:14:32]} 4. Nc3
{[%clk 0:15:02]} Nc6 {[%clk 0:14:24]} 5. d3 {[%clk 0:15:00]} a6 {[%clk 0:14:16]}
6. e3 {[%clk 0:14:59]} d6 {[%clk 0:14:16]} 7. Nge2 {[%clk 0:14:53]} h5
{[%clk 0:14:17]} 8. h3 {[%clk 0:14:48]} Ba7 {[%clk 0:14:15]} 9. a3
{[%clk 0:14:38]} Be6 {[%clk 0:14:05]} 10. Nd5 {[%clk 0:14:20]} Rb8
{[%clk 0:13:39]} 11. Nec3 {[%clk 0:14:15]} Ne7 {[%clk 0:13:27]} 12. Nxe7
{[%clk 0:13:41]} Qxe7 {[%clk 0:13:29]} 13. b4 {[%clk 0:13:39]} c6
{[%clk 0:13:00]} 14. Bb2 {[%clk 0:13:36]} Rd8 {[%clk 0:12:48]} 15. Qc2
{[%clk 0:13:18]} O-O {[%clk 0:12:35]} 16. O-O {[%clk 0:12:50]} d5
{[%clk 0:12:34]} 17. cxd5 {[%clk 0:12:28]} cxd5 {[%clk 0:12:38]} 18. Ne2
{[%clk 0:12:25]} Bf5 {[%clk 0:12:26]} 19. Qd2 {[%clk 0:11:52]} Qe6
{[%clk 0:11:59]} 20. Kh2 {[%clk 0:11:48]} Bb8 {[%clk 0:11:54]} 21. f4
{[%clk 0:11:40]} Bh7 {[%clk 0:10:39]} 22. Rae1 {[%clk 0:09:19]} Rfe8
{[%clk 0:10:26]} 23. Kh1 {[%clk 0:07:35]} e4 {[%clk 0:09:50]} 24. Nd4
{[%clk 0:07:07]} Qd7 {[%clk 0:09:44]} 25. Nb3 {[%clk 0:06:41]} exd3
{[%clk 0:09:21]} 26. Bxf6 {[%clk 0:06:19]} gxf6 {[%clk 0:09:24]} 27. Nc5
{[%clk 0:06:11]} Qf5 {[%clk 0:08:42]} 28. Nxb7 {[%clk 0:06:05]} Rc8
{[%clk 0:08:35]} 29. Nc5 {[%clk 0:06:03]} Ba7 {[%clk 0:08:23]} 30. Rc1
{[%clk 0:05:40]} a5 {[%clk 0:08:14]} 31. Kh2 {[%clk 0:05:43]} axb4
{[%clk 0:08:01]} 32. axb4 {[%clk 0:05:47]} Kh8 {[%clk 0:07:29]} 33. Rfe1
{[%clk 0:05:43]} Rg8 {[%clk 0:06:36]} 34. e4 {[%clk 0:05:39]} Qg6
{[%clk 0:06:05]} 35. Re3 {[%clk 0:05:30]} Qh6 {[%clk 0:05:33]} 36. h4
{[%clk 0:04:38]} Bb8 {[%clk 0:04:40]} 37. Rf1 {[%clk 0:03:47]} Ba7
{[%clk 0:03:48]} 38. Rxd3 {[%clk 0:02:50]} Bxc5 {[%clk 0:03:48]} 39. bxc5
{[%clk 0:02:53]} dxe4 {[%clk 0:03:48]} 40. Rd6 {[%clk 0:02:43]} Rxc5
{[%clk 0:03:34]} 41. Qd4 {[%clk 0:02:18]} Rc2 {[%clk 0:03:31]} 42. Rf2
{[%clk 0:01:16]} Rxf2 {[%clk 0:03:27]} 43. Qxf2 {[%clk 0:01:20]} Re8
{[%clk 0:03:11]} 44. Qd4 {[%clk 0:01:10]} e3 {[%clk 0:03:06]} 45. Rd8
{[%clk 0:01:14]} Qf8 {[%clk 0:02:25]} 46. Qxf6+ {[%clk 0:01:16]} Kg8
{[%clk 0:02:29]} 47. Qg5+ {[%clk 0:01:02]} Bg6 {[%clk 0:02:32]} 48. Rxe8
{[%clk 0:00:33]} Qxe8 {[%clk 0:02:37]} 49. f5 {[%clk 0:00:23]} e2
{[%clk 0:02:17]} 50. fxg6 {[%clk 0:00:26]} fxg6 {[%clk 0:01:45]} 51. Qh6
{[%clk 0:00:31]} e1=Q {[%clk 0:00:35]} 52. Bd5+ {[%clk 0:00:33]} Q1e6
{[%clk 0:00:38]} 53. Bxe6+ {[%clk 0:00:34]} Qxe6 {[%clk 0:00:42]} 1/2-1/2

[Event "Portugal Open Semirrapidas"]
[Site "Lisboa POR"]
[Date "2020.02.02"]
[Round "5.10"]
[White "VEIGA, Francisco"]
[Black "FERREIRA, Hugo"]
[Result "0-1"]
[BlackElo "2126"]
[WhiteElo "2370"]
[LiveChessVersion "1.4.8"]

1. e4 {[%clk 0:15:07]} d5 {[%clk 0:09:50]} 2. exd5 {[%clk 0:12:55]} Qxd5
{[%clk 0:09:54]} 3. Nf3 {[%clk 0:12:57]} Bg4 {[%clk 0:09:54]} 4. Nc3
{[%clk 0:12:51]} Qe6+ {[%clk 0:09:33]} 5. Qe2 {[%clk 0:12:40]} Nc6
{[%clk 0:09:33]} 6. Qxe6 {[%clk 0:12:15]} Bxe6 {[%clk 0:09:37]} 7. Nb5
{[%clk 0:11:55]} O-O-O {[%clk 0:09:09]} 8. Ng5 {[%clk 0:11:58]} Rd5
{[%clk 0:09:13]} 9. Nxe6 {[%clk 0:11:38]} Re5+ {[%clk 0:09:18]} 10. Kd1
{[%clk 0:11:24]} Rxe6 {[%clk 0:09:22]} 11. Bc4 {[%clk 0:11:16]} Rf6
{[%clk 0:09:25]} 12. f3 {[%clk 0:11:18]} h5 {[%clk 0:07:47]} 13. b3
{[%clk 0:10:35]} Nh6 {[%clk 0:07:37]} 14. Bb2 {[%clk 0:10:30]} Rg6
{[%clk 0:07:40]} 15. g3 {[%clk 0:10:32]} a6 {[%clk 0:07:38]} 16. Nc3
{[%clk 0:10:28]} Rd6 {[%clk 0:07:38]} 17. Ne4 {[%clk 0:09:58]} Rd8
{[%clk 0:07:38]} 18. c3 {[%clk 0:09:09]} e6 {[%clk 0:07:20]} 19. Kc2
{[%clk 0:09:07]} Nf5 {[%clk 0:06:29]} 20. Ng5 {[%clk 0:08:57]} Nd6
{[%clk 0:06:20]} 21. Be2 {[%clk 0:07:34]} Be7 {[%clk 0:06:24]} 22. Ne4
{[%clk 0:07:35]} h4 23. g4 {[%clk 0:07:02]} e5 {[%clk 0:04:52]} 24. Nxd6+
{[%clk 0:06:45]} Rxd6 {[%clk 0:04:56]} 25. d3 {[%clk 0:06:17]} Bg5
{[%clk 0:04:50]} 26. h3 {[%clk 0:05:58]} Nd8 {[%clk 0:04:09]} 27. Rhe1
{[%clk 0:05:43]} Ne6 {[%clk 0:04:10]} 28. Bf1 {[%clk 0:05:46]} f6
{[%clk 0:04:15]} 29. Ba3 {[%clk 0:05:13]} Rc6 {[%clk 0:04:14]} 30. Re4
{[%clk 0:03:05]} Rd8 {[%clk 0:01:41]} 31. Kb2 {[%clk 0:02:10]} Nf4
{[%clk 0:01:12]} 32. Rd1 {[%clk 0:02:11]} Nd5 {[%clk 0:01:08]} 33. Rc4
{[%clk 0:00:56]} Ne3 {[%clk 0:01:06]} 34. Re1 {[%clk 0:00:48]} Rxc4
{[%clk 0:00:31]} 35. bxc4 {[%clk 0:00:11]} Nxf1 {[%clk 0:00:35]} 36. Rxf1
{[%clk 0:00:14]} Rxd3 {[%clk 0:00:39]} 37. Kb3 {[%clk 0:00:08]} Rd2
{[%clk 0:00:14]} 38. Bf8 {[%clk 0:00:11]} Rh2 {[%clk 0:00:14]} 39. Bxg7
{[%clk 0:00:15]} Rxh3 {[%clk 0:00:19]} 40. c5 {[%clk 0:00:15]} Rg3
{[%clk 0:00:23]} 41. c6 {[%clk 0:00:18]} bxc6 {[%clk 0:00:27]} 42. Kc4
{[%clk 0:00:22]} h3 {[%clk 0:00:31]} 43. Kc5 {[%clk 0:00:24]} h2 {[%clk 0:00:34]}
44. Rh1 {[%clk 0:00:29]} Rg2 {[%clk 0:00:36]} 45. Kxc6 {[%clk 0:00:31]} Bf4
{[%clk 0:00:39]} 46. Bxf6 {[%clk 0:00:27]} Rg1 {[%clk 0:00:42]} 47. Rxh2
{[%clk 0:00:31]} Bxh2 {[%clk 0:00:47]} 48. g5 {[%clk 0:00:34]} Bf4
{[%clk 0:00:50]} 0-1

[Event "Portugal Open Semirrapidas"]
[Site "Lisboa POR"]
[Date "2020.02.02"]
[Round "5.11"]
[White "CAMBANDO, Jose"]
[Black "FERNANDES, Antonio"]
[Result "0-1"]
[BlackElo "2358"]
[WhiteElo "2110"]
[LiveChessVersion "1.4.8"]

1. e4 {[%clk 0:15:09]} c5 {[%clk 0:15:09]} 2. Nf3 {[%clk 0:15:11]} e6
{[%clk 0:15:14]} 3. d4 {[%clk 0:15:09]} cxd4 {[%clk 0:15:18]} 4. Nxd4
{[%clk 0:15:13]} Nf6 {[%clk 0:15:22]} 5. Bd3 {[%clk 0:15:17]} a6 {[%clk 0:14:41]}
6. O-O {[%clk 0:15:17]} Qc7 {[%clk 0:14:39]} 7. Qf3 {[%clk 0:15:15]} Bc5
{[%clk 0:13:50]} 8. c3 {[%clk 0:14:44]} Nc6 {[%clk 0:12:40]} 9. Nxc6
{[%clk 0:14:47]} bxc6 {[%clk 0:12:44]} 10. Bg5 {[%clk 0:14:42]} Be7
{[%clk 0:12:45]} 11. Nd2 {[%clk 0:14:42]} O-O {[%clk 0:12:27]} 12. Rfe1
{[%clk 0:14:27]} e5 {[%clk 0:12:21]} 13. h3 {[%clk 0:14:04]} Rb8 {[%clk 0:12:00]}
14. b3 {[%clk 0:14:08]} a5 {[%clk 0:11:53]} 15. Nf1 {[%clk 0:13:30]} d6
{[%clk 0:11:27]} 16. Ng3 {[%clk 0:13:21]} Rd8 {[%clk 0:09:14]} 17. Nf5
{[%clk 0:13:16]} Bxf5 {[%clk 0:07:05]} 18. Qxf5 {[%clk 0:13:17]} Ne8
{[%clk 0:06:46]} 19. Be3 {[%clk 0:12:45]} Bf6 {[%clk 0:06:01]} 20. Rad1
{[%clk 0:12:39]} Qe7 {[%clk 0:05:12]} 21. Bc4 {[%clk 0:12:33]} Nc7
{[%clk 0:05:11]} 22. a4 {[%clk 0:12:25]} d5 {[%clk 0:04:58]} 23. exd5
{[%clk 0:12:16]} cxd5 {[%clk 0:05:02]} 24. Bd3 {[%clk 0:10:38]} g6
{[%clk 0:05:05]} 25. Qg4 {[%clk 0:10:07]} Rxb3 {[%clk 0:05:05]} 26. Bd2
{[%clk 0:09:33]} e4 {[%clk 0:04:56]} 27. Bc2 {[%clk 0:09:14]} Rb2
{[%clk 0:05:00]} 28. Rc1 {[%clk 0:09:13]} Ne6 {[%clk 0:04:54]} 29. Red1
{[%clk 0:08:48]} Qc7 {[%clk 0:04:24]} 30. c4 {[%clk 0:08:14]} h5 {[%clk 0:03:46]}
31. Qe2 {[%clk 0:07:32]} Nd4 {[%clk 0:03:48]} 32. Qe1 {[%clk 0:07:36]} Nxc2
{[%clk 0:03:42]} 33. Rxc2 {[%clk 0:07:41]} Rxc2 {[%clk 0:03:45]} 34. Bxa5
{[%clk 0:07:45]} Qxc4 {[%clk 0:03:40]} 35. Bxd8 {[%clk 0:07:50]} Bxd8
{[%clk 0:03:43]} 36. a5 {[%clk 0:07:44]} Qc5 {[%clk 0:03:15]} 37. Ra1
{[%clk 0:07:28]} Bh4 {[%clk 0:03:17]} 0-1

[Event "Portugal Open Semirrapidas"]
[Site "Lisboa POR"]
[Date "2020.02.02"]
[Round "5.12"]
[White "FIDALGO, Daniel Neves"]
[Black "FROIS, Antonio"]
[Result "1/2-1/2"]
[BlackElo "2357"]
[WhiteElo "2109"]
[LiveChessVersion "1.4.8"]

1. c4 {[%clk 0:15:08]} Nf6 {[%clk 0:14:57]} 2. g3 {[%clk 0:15:08]} g6
{[%clk 0:14:48]} 3. Bg2 {[%clk 0:15:11]} d5 {[%clk 0:14:51]} 4. cxd5
{[%clk 0:15:13]} Nxd5 {[%clk 0:14:55]} 5. Nc3 {[%clk 0:15:15]} Nb6
{[%clk 0:14:53]} 6. d4 {[%clk 0:15:07]} Bg7 {[%clk 0:14:57]} 7. Nf3
{[%clk 0:15:08]} O-O {[%clk 0:15:00]} 8. O-O {[%clk 0:15:09]} Nc6
{[%clk 0:15:02]} 9. e3 {[%clk 0:14:57]} e5 {[%clk 0:14:54]} 10. d5
{[%clk 0:15:00]} Na5 {[%clk 0:14:57]} 11. e4 {[%clk 0:15:01]} c6 {[%clk 0:15:00]}
12. Bg5 {[%clk 0:15:01]} f6 {[%clk 0:15:01]} 13. Be3 {[%clk 0:14:49]} cxd5
{[%clk 0:15:02]} 14. Bxb6 {[%clk 0:14:52]} Qxb6 {[%clk 0:14:40]} 15. Nxd5
{[%clk 0:14:54]} Qd6 {[%clk 0:14:27]} 16. b4 {[%clk 0:14:42]} Nc6
{[%clk 0:14:27]} 17. Qb3 {[%clk 0:14:32]} Kh8 {[%clk 0:14:14]} 18. Rfd1
{[%clk 0:14:32]} Nd4 {[%clk 0:13:20]} 19. Nxd4 {[%clk 0:14:03]} exd4
{[%clk 0:13:24]} 20. Rac1 {[%clk 0:13:58]} f5 {[%clk 0:13:22]} 21. f4
{[%clk 0:13:37]} fxe4 {[%clk 0:13:17]} 22. Bxe4 {[%clk 0:13:40]} Bg4
{[%clk 0:12:15]} 23. Rd2 {[%clk 0:12:41]} Rac8 {[%clk 0:11:39]} 24. Rxc8
{[%clk 0:11:29]} Rxc8 {[%clk 0:11:43]} 25. Ne3 {[%clk 0:11:11]} Be6
{[%clk 0:11:24]} 26. Qb1 {[%clk 0:10:19]} Qe7 {[%clk 0:09:39]} 27. Nf1
{[%clk 0:09:27]} Rc3 {[%clk 0:08:58]} 28. a4 {[%clk 0:08:43]} Rb3
{[%clk 0:08:29]} 29. Rb2 {[%clk 0:06:49]} Qxb4 {[%clk 0:08:00]} 30. Rxb3
{[%clk 0:06:17]} Qxb3 {[%clk 0:08:04]} 31. Qxb3 {[%clk 0:05:16]} Bxb3
{[%clk 0:08:08]} 32. Bxb7 {[%clk 0:05:19]} Bxa4 {[%clk 0:08:12]} 33. Ba6
{[%clk 0:05:23]} Kg8 {[%clk 0:08:04]} 34. Kf2 {[%clk 0:05:27]} Kf7
{[%clk 0:08:06]} 35. Ke2 {[%clk 0:05:29]} Ke6 {[%clk 0:08:05]} 36. Kd3
{[%clk 0:05:25]} Kd5 {[%clk 0:07:49]} 37. Nd2 {[%clk 0:05:18]} Bd7
{[%clk 0:07:49]} 38. Bc4+ {[%clk 0:05:15]} Kc6 {[%clk 0:07:09]} 39. Bg8
{[%clk 0:05:09]} Bf5+ {[%clk 0:06:40]} 40. Kc4 {[%clk 0:04:57]} h6
{[%clk 0:06:34]} 41. Bf7 {[%clk 0:04:37]} a5 {[%clk 0:06:07]} 42. Nb3
{[%clk 0:04:19]} a4 {[%clk 0:04:36]} 43. Nxd4+ {[%clk 0:04:23]} Bxd4
{[%clk 0:04:39]} 44. Kxd4 {[%clk 0:04:26]} Kd6 {[%clk 0:04:41]} 45. Kc3
{[%clk 0:03:05]} Kc5 {[%clk 0:03:40]} 46. h4 {[%clk 0:02:20]} Be4
{[%clk 0:01:37]} 47. g4 {[%clk 0:02:17]} Bg2 {[%clk 0:01:36]} 48. g5
{[%clk 0:01:40]} Bf3 {[%clk 0:01:32]} 49. gxh6 {[%clk 0:01:40]} Bh5
{[%clk 0:01:16]} 1/2-1/2

[Event "Portugal Open Semirrapidas"]
[Site "Lisboa POR"]
[Date "2020.02.02"]
[Round "5.13"]
[White "LEKIC, Dusan"]
[Black "FERNANDES, Alberto"]
[Result "1-0"]
[BlackElo "2082"]
[WhiteElo "2357"]
[LiveChessVersion "1.4.8"]

1. d4 {[%clk 0:15:08]} Nf6 {[%clk 0:15:08]} 2. c4 {[%clk 0:15:11]} e6
{[%clk 0:15:12]} 3. Nf3 {[%clk 0:15:15]} b6 {[%clk 0:15:13]} 4. g3
{[%clk 0:15:18]} Bb7 {[%clk 0:15:17]} 5. Bg2 {[%clk 0:15:21]} Bb4+
{[%clk 0:14:45]} 6. Bd2 {[%clk 0:15:19]} Qe7 {[%clk 0:14:48]} 7. O-O
{[%clk 0:15:10]} Bxd2 {[%clk 0:14:49]} 8. Qxd2 {[%clk 0:15:12]} d6
{[%clk 0:14:35]} 9. Qc2 {[%clk 0:14:37]} O-O {[%clk 0:14:15]} 10. Nc3
{[%clk 0:14:38]} Nbd7 {[%clk 0:14:18]} 11. e4 {[%clk 0:14:33]} e5
{[%clk 0:14:22]} 12. Rfe1 {[%clk 0:14:11]} c6 {[%clk 0:13:29]} 13. Rad1
{[%clk 0:13:58]} Rfd8 {[%clk 0:13:28]} 14. b4 {[%clk 0:13:07]} Nf8
{[%clk 0:13:14]} 15. Qb3 {[%clk 0:12:46]} Ne6 {[%clk 0:11:56]} 16. d5
{[%clk 0:12:45]} cxd5 {[%clk 0:11:38]} 17. exd5 {[%clk 0:12:46]} Nf8
{[%clk 0:11:33]} 18. Nd4 {[%clk 0:12:45]} Rac8 {[%clk 0:10:48]} 19. Nc6
{[%clk 0:12:47]} Bxc6 {[%clk 0:10:52]} 20. dxc6 {[%clk 0:12:50]} Ne6
{[%clk 0:10:47]} 21. Nd5 {[%clk 0:12:44]} Nxd5 {[%clk 0:10:11]} 22. cxd5
{[%clk 0:12:47]} Nc7 {[%clk 0:10:10]} 23. f4 {[%clk 0:12:19]} f6 {[%clk 0:10:08]}
24. b5 {[%clk 0:12:03]} Ra8 {[%clk 0:09:49]} 25. a4 {[%clk 0:12:04]} Rdb8
{[%clk 0:09:41]} 26. Qd3 {[%clk 0:11:34]} g6 {[%clk 0:09:37]} 27. Rd2
{[%clk 0:11:14]} Kg7 {[%clk 0:09:39]} 28. Rf2 {[%clk 0:11:10]} Rf8
{[%clk 0:08:14]} 29. h4 {[%clk 0:11:09]} Kg8 {[%clk 0:07:44]} 30. Kh2
{[%clk 0:10:38]} Rad8 {[%clk 0:07:36]} 31. a5 {[%clk 0:10:25]} f5
{[%clk 0:07:23]} 32. axb6 {[%clk 0:10:12]} axb6 {[%clk 0:07:06]} 33. Ra2
{[%clk 0:08:24]} e4 {[%clk 0:07:04]} 34. Qb3 {[%clk 0:08:03]} Ra8
{[%clk 0:06:43]} 35. Rea1 {[%clk 0:08:02]} Qf7 {[%clk 0:06:13]} 36. Bf1
{[%clk 0:08:05]} Qg7 {[%clk 0:05:56]} 37. Qe3 {[%clk 0:07:13]} Rxa2+
{[%clk 0:04:57]} 38. Rxa2 {[%clk 0:07:17]} Ra8 {[%clk 0:04:56]} 39. Rxa8+
{[%clk 0:07:06]} Nxa8 {[%clk 0:05:00]} 40. Qa3 {[%clk 0:07:09]} Qf8
{[%clk 0:04:06]} 41. Qa7 {[%clk 0:06:43]} Qd8 {[%clk 0:04:08]} 42. Be2
{[%clk 0:06:43]} h5 {[%clk 0:04:07]} 43. Kg2 {[%clk 0:06:29]} Kh8
{[%clk 0:03:47]} 44. Qf7 {[%clk 0:06:26]} Qg8 {[%clk 0:03:49]} 45. Qf6+
{[%clk 0:06:23]} 1-0

[Event "Portugal Open Semirrapidas"]
[Site "Lisboa POR"]
[Date "2020.02.02"]
[Round "5.14"]
[White "GOLUCH, Piotr"]
[Black "EGGERT, Alberto"]
[Result "1/2-1/2"]
[BlackElo "2092"]
[WhiteElo "2341"]
[LiveChessVersion "1.4.8"]

1. d4 {[%clk 0:15:02]} Nf6 {[%clk 0:12:33]} 2. Nf3 {[%clk 0:15:03]} e6
{[%clk 0:12:38]} 3. c4 {[%clk 0:15:04]} b6 {[%clk 0:12:41]} 4. g3
{[%clk 0:15:06]} Ba6 {[%clk 0:12:45]} 5. b3 {[%clk 0:15:01]} Bb4+
{[%clk 0:12:48]} 6. Bd2 {[%clk 0:15:03]} Bxd2+ {[%clk 0:12:51]} 7. Nbxd2
{[%clk 0:14:55]} d5 {[%clk 0:12:55]} 8. Bg2 {[%clk 0:14:57]} O-O {[%clk 0:12:58]}
9. O-O {[%clk 0:14:57]} Nbd7 10. Re1 Bb7 {[%clk 0:12:55]} 11. cxd5
{[%clk 0:14:31]} exd5 {[%clk 0:12:59]} 12. Rc1 {[%clk 0:14:34]} c5
{[%clk 0:12:45]} 13. e3 {[%clk 0:14:36]} Re8 {[%clk 0:12:42]} 14. Nb1
{[%clk 0:14:31]} Ne4 {[%clk 0:12:24]} 15. Nc3 {[%clk 0:14:30]} Rc8
{[%clk 0:12:04]} 16. dxc5 {[%clk 0:14:20]} Nxc3 {[%clk 0:09:42]} 17. Rxc3
{[%clk 0:14:22]} bxc5 {[%clk 0:09:35]} 18. Qc1 {[%clk 0:13:00]} Qf6
{[%clk 0:09:13]} 19. Nd2 {[%clk 0:12:18]} h6 {[%clk 0:05:44]} 20. Rc2
{[%clk 0:12:16]} Ne5 {[%clk 0:05:34]} 21. Qa3 {[%clk 0:10:09]} Nd3
{[%clk 0:05:03]} 22. Rf1 {[%clk 0:10:11]} Nb4 {[%clk 0:03:52]} 23. Rxc5
{[%clk 0:09:30]} Rxc5 {[%clk 0:03:55]} 24. Qxb4 {[%clk 0:09:33]} Qb6
{[%clk 0:03:15]} 25. Qxb6 {[%clk 0:07:49]} axb6 {[%clk 0:03:19]} 26. Nf3
{[%clk 0:07:52]} Rc2 {[%clk 0:03:20]} 27. a4 {[%clk 0:07:56]} Rec8
{[%clk 0:03:13]} 28. Nd4 {[%clk 0:07:46]} Rc1 {[%clk 0:03:17]} 29. Bf3
{[%clk 0:07:35]} Ba6 {[%clk 0:03:18]} 30. Be2 {[%clk 0:07:18]} Rxf1+
{[%clk 0:03:14]} 31. Kxf1 {[%clk 0:07:21]} Rc1+ {[%clk 0:03:14]} 32. Kg2
{[%clk 0:07:25]} Bxe2 {[%clk 0:03:13]} 33. Nxe2 {[%clk 0:07:28]} Rc2
{[%clk 0:03:04]} 34. Nd4 {[%clk 0:07:31]} Rb2 {[%clk 0:03:08]} 35. g4
{[%clk 0:07:26]} Kf8 {[%clk 0:03:03]} 36. Kg3 {[%clk 0:07:26]} g6
{[%clk 0:02:52]} 37. h4 {[%clk 0:07:23]} Ke7 {[%clk 0:02:53]} 38. f4
{[%clk 0:07:14]} Kd6 {[%clk 0:02:51]} 39. h5 {[%clk 0:07:17]} Rb1
{[%clk 0:02:18]} 40. Kf3 {[%clk 0:06:38]} Rf1+ {[%clk 0:02:19]} 41. Kg2
{[%clk 0:06:40]} Re1 {[%clk 0:02:19]} 42. Kf3 {[%clk 0:06:39]} Ke7
{[%clk 0:02:18]} 43. b4 {[%clk 0:06:20]} Ra1 {[%clk 0:02:08]} 44. a5
{[%clk 0:06:21]} bxa5 {[%clk 0:02:04]} 45. bxa5 {[%clk 0:06:25]} Kd6
{[%clk 0:01:59]} 46. hxg6 {[%clk 0:06:12]} fxg6 {[%clk 0:02:03]} 47. g5
{[%clk 0:06:16]} hxg5 {[%clk 0:02:00]} 48. fxg5 {[%clk 0:06:20]} Ke5
{[%clk 0:01:58]} 49. Nc6+ {[%clk 0:05:47]} Kf5 {[%clk 0:02:02]} 50. Ne7+
{[%clk 0:05:51]} Kxg5 {[%clk 0:02:06]} 51. Nxd5 {[%clk 0:05:55]} Rxa5
{[%clk 0:02:07]} 52. Nf4 {[%clk 0:05:54]} Kf5 {[%clk 0:01:51]} 53. Ne2
{[%clk 0:05:54]} Ra1 {[%clk 0:01:44]} 54. Kg3 {[%clk 0:05:41]} Ke4
{[%clk 0:01:39]} 55. Nf4 {[%clk 0:05:16]} Kxe3 {[%clk 0:01:38]} 56. Ne6
{[%clk 0:05:20]} Rg1+ {[%clk 0:01:35]} 57. Kh4 {[%clk 0:05:23]} Ke4
{[%clk 0:01:23]} 58. Ng5+ {[%clk 0:05:08]} Kf5 {[%clk 0:01:20]} 59. Nf3
{[%clk 0:05:10]} g5+ {[%clk 0:00:18]} 60. Kh3 {[%clk 0:05:14]} g4+
{[%clk 0:00:23]} 61. Kh2 {[%clk 0:05:17]} gxf3 {[%clk 0:00:14]} 62. Kxg1
{[%clk 0:05:20]} Kf4 {[%clk 0:00:12]} 63. Kf2 {[%clk 0:05:23]} Ke4
{[%clk 0:00:17]} 64. Kf1 {[%clk 0:05:27]} Ke3 {[%clk 0:00:21]} 65. Ke1
{[%clk 0:05:31]} 1/2-1/2